• 首页
  • 本馆介绍
  • 公告通知
  • 最新文献
  • 馆藏检索
  • 电子资源
  • 读者导购
  • 参考咨询
  • 我的图书馆
  • 登录
  • 详细信息显示
  • 放入我的书架
  • 预约/预借图书
  • 作者相关作品
  • 分类相关作品
  • 丛书相关作品
  • 出版社相关作品

书目信息

  • 表格格式
  • 工作单格式
  • 卡片格式
题名:
建国以来按劳分配论文选
    
 
作者: ;上海市劳动局办公室资料组 编
分册: 上册  
出版信息: 上海   上海人民出版社  1978
页数: 368页
开本: 19cm
丛书名:
单 册:
中图分类: F046.1-53
科图分类:
主题词: 各尽所能,按劳分配--文集
电子资源:
ISBN:
000 00689nam0 2200217 45
001 0178001595
005 20060817082707.73
010    @dCNY0.85
091    @aCN@b4074.394
100    @a19950714d1978 em y0chiy0121 ea
101 0  @achi
102    @aCN@b310000
105    @ay z 000yy
200 10 @a建国以来按劳分配论文选@Ajian guo yi lai an lao fen pei lun wen xuan@h上册@f上海市劳动局办公室资料组编
210    @a上海@c上海人民出版社@d1978
215    @a368页@d19cm
606    @a各尽所能,按劳分配@x文集
690    @aF046.1-53@v3
711 02 @a上海市劳动局办公室资料组@Ashang hai shi lao dong ju ban gong shi zi liaozu@4编
801  0 @aCN@bTSSF@c20060817
905    @a10447@dF046.1-53@e93:1
    
    建国以来按劳分配论文选.上册/上海市劳动局办公室资料组编.-上海:上海人民出版社,1978
    368页;19cm
    
    
    ISBN :CNY0.85
    
●
相关链接 在E读中查询图书 在五车中查询图书 在当当中查询图书 在豆瓣中查询图书


正题名:建国以来按劳分配论文选     索取号:F046.1-53/93:1         预约/预借

序号 登录号 条形码 馆藏地/架位号 状态 备注
1 0465188   204651885   密集书库/ [索取号:F046.1-53/93:1] 在馆    
唐山师范学院图书馆 欢迎您!
大连网信软件有限公司© 版权所有